François Ploux, De Bouche à oreille. Naissance et propagation des rumeurs dans la France du xixe siècle , Paris, Aubier, « Collection Historique », 2003, 290 p., 22 ?. (notice n° 1628494)

détails MARC
000 -LEADER
fixed length control field 01759cam a2200169 4500500
005 - DATE AND TIME OF LATEST TRANSACTION
control field 20260111094251.0
041 ## - LANGUAGE CODE
Language code of text/sound track or separate title fre
042 ## - AUTHENTICATION CODE
Authentication code dc
100 10 - MAIN ENTRY--PERSONAL NAME
Personal name Lenhof, Jean-Louis
Relator term author
245 00 - TITLE STATEMENT
Title François Ploux, De Bouche à oreille. Naissance et propagation des rumeurs dans la France du xixe siècle , Paris, Aubier, « Collection Historique », 2003, 290 p., 22 ?.
260 ## - PUBLICATION, DISTRIBUTION, ETC.
Date of publication, distribution, etc. 2004.<br/>
500 ## - GENERAL NOTE
General note 88
520 ## - SUMMARY, ETC.
Summary, etc. Résumé En juin 1943, Pierre Lebugle, aide familial sur la modeste ferme laitière de ses parents à Camembert (Orne), est requis par le Service du Travail Obligatoire. Envoyé dans une grande exploitation proche de Berlin, son univers quotidien passe des herbages du Pays d’Auge à la grande culture du Neumark. 21 mois durant, Pierre Lebugle avec trois camarades de la même commune, participe aux travaux des champs dans un contexte relativement privilégié qu’il consigne dans son journal jusqu’à son retour en Normandie après un périple qui le conduit jusqu’à Moscou.
520 ## - SUMMARY, ETC.
Summary, etc. In June 1943, Pierre Lebugle, a hand on the little dairy farm of his parents situated in Cambert (Orne,) was required for the Service du Travail Obligatoire. Sent to a very large farm near Berlin, his everyday life moved from the pastures of Pays d’Auge to the cash crops in Neumark. For 21 months, Pierre Lebugle and three friends from his village took part in farm work in a relatively privileged context, which he recorded in his diary, kept until his return home after travelling all the way to Moscow.
786 0# - DATA SOURCE ENTRY
Note Histoire & Sociétés Rurales | 21 | 1 | 2004-03-01 | p. 231t-285t | 1254-728X
856 41 - ELECTRONIC LOCATION AND ACCESS
Uniform Resource Identifier <a href="https://shs.cairn.info/revue-histoire-et-societes-rurales-2004-1-page-231t?lang=fr&redirect-ssocas=7080">https://shs.cairn.info/revue-histoire-et-societes-rurales-2004-1-page-231t?lang=fr&redirect-ssocas=7080</a>

Pas d'exemplaire disponible.

PLUDOC

PLUDOC est la plateforme unique et centralisée de gestion des bibliothèques physiques et numériques de Guinée administré par le CEDUST. Elle est la plus grande base de données de ressources documentaires pour les Étudiants, Enseignants chercheurs et Chercheurs de Guinée.

Adresse

627 919 101/664 919 101

25 boulevard du commerce
Kaloum, Conakry, Guinée

Réseaux sociaux

Powered by Netsen Group @ 2025